B21_市区町村WORDLEの答えとなる市区町村 - Statistics

General Stats
  • This quiz has been taken 35 times
  • The average score is 218 of 470
Answer Stats
種類 都道府県名 市区町村名 % Correct
兵庫県 相生市
81%
青森県 青森市
71%
岡山県 岡山市
71%
神奈川県 川崎市
71%
長野県 長野市
71%
兵庫県 姫路市
71%
福岡県 福岡市
71%
愛知県 愛西市
67%
宮城県 仙台市青葉区
67%
神奈川県 横浜市青葉区
67%
長野県 飯田市
67%
群馬県 伊勢崎市
67%
千葉県 浦安市
67%
大阪府 大阪市
67%
沖縄県 沖縄市
67%
兵庫県 神戸市
67%
群馬県 高崎市
67%
愛知県 豊橋市
67%
福島県 福島市
67%
広島県 福山市
67%
神奈川県 横浜市
67%
和歌山県 和歌山市
67%
岡山県 赤磐市
62%
特別区 東京都 足立区
62%
兵庫県 淡路市
62%
長野県 飯山市
62%
大阪府 池田市
62%
島根県 出雲市
62%
神奈川県 伊勢原市
62%
千葉県 市川市
62%
千葉県 市原市
62%
東京都 稲城市
62%
山口県 岩国市
62%
長野県 上田市
62%
神奈川県 海老名市
62%
島根県 大田市
62%
長野県 大町市
62%
埼玉県 さいたま市大宮区
62%
京都府 亀岡市
62%
埼玉県 北本市
62%
京都府 京都市
62%
群馬県 桐生市
62%
岡山県 倉敷市
62%
富山県 黒部市
62%
特別区 東京都 江東区
62%
埼玉県 さいたま市
62%
高知県 四万十市
62%
香川県 高松市
62%
埼玉県 秩父市
62%
兵庫県 豊岡市
62%
大阪府 豊中市
62%
山口県 長門市
62%
愛知県 名古屋市
62%
広島県 広島市
62%
埼玉県 さいたま市緑区
62%
千葉県 千葉市緑区
62%
神奈川県 横浜市緑区
62%
神奈川県 相模原市緑区
62%
愛知県 名古屋市緑区
62%
神奈川県 横須賀市
62%
鳥取県 米子市
62%
東京都 昭島市
57%
広島県 広島市安佐北区
57%
神奈川県 厚木市
57%
特別区 東京都 荒川区
57%
群馬県 安中市
57%
長崎県 諫早市
57%
北海道 石狩市
57%
宮城県 仙台市泉区
57%
神奈川県 横浜市泉区
57%
大阪府 和泉市
57%
鹿児島県 出水市
57%
茨城県 稲敷市
57%
三重県 いなべ市
57%
愛知県 犬山市
57%
京都府 伊根町
57%
富山県 射水市
57%
愛知県 岩倉市
57%
埼玉県 さいたま市岩槻区
57%
和歌山県 岩出市
57%
富山県 魚津市
57%
京都府 京都市右京区
57%
沖縄県 浦添市
57%
宮崎県 えびの市
57%
大分県 大分市
57%
福岡県 大川市
57%
宮城県 大崎市
57%
愛媛県 大洲市
57%
広島県 大竹市
57%
山梨県 大月市
57%
長崎県 大村市
57%
新潟県 小千谷市
57%
福井県 小浜市
57%
富山県 小矢部市
57%
岡山県 笠岡市
57%
千葉県 勝浦市
57%
特別区 東京都 葛飾区
57%
三重県 亀山市
57%
神奈川県 川崎市川崎区
57%
兵庫県 川西市
57%
和歌山県 紀の川市
57%
鹿児島県 霧島市
57%
熊本県 熊本市
57%
鳥取県 倉吉市
57%
宮城県 栗原市
57%
島根県 江津市
57%
愛知県 江南市
57%
高知県 香南市
57%
埼玉県 鴻巣市
57%
神奈川県 横浜市港北区
57%
新潟県 五泉市
57%
長崎県 五島市
57%
埼玉県 坂戸市
57%
京都府 京都市左京区
57%
長崎県 佐世保市
57%
兵庫県 三田市
57%
特別区 東京都 渋谷区
57%
宮城県 白石市
57%
三重県 鈴鹿市
57%
特別区 東京都 台東区
57%
富山県 高岡市
57%
大阪府 高槻市
57%
岐阜県 高山市
57%
千葉県 銚子市
57%
茨城県 つくば市
57%
茨城県 土浦市
57%
愛知県 常滑市
57%
鳥取県 鳥取市
57%
愛知県 豊川市
57%
京都府 南丹市
57%
静岡県 沼津市
57%
石川県 白山市
57%
和歌山県 橋本市
57%
青森県 八戸市
57%
岩手県 花巻市
57%
島根県 浜田市
57%
北海道 札幌市東区
57%
新潟県 新潟市東区
57%
愛知県 名古屋市東区
57%
大阪府 堺市東区
57%
岡山県 岡山市東区
57%
広島県 広島市東区
57%
福岡県 福岡市東区
57%
熊本県 熊本市東区
57%
神奈川県 平塚市
57%
長野県 松本市
57%
東京都 武蔵野市
57%
山形県 村山市
57%
埼玉県 吉川市
57%
石川県 輪島市
57%
埼玉県 蕨市
57%
新潟県 阿賀野市
52%
東京都 あきる野市
52%
岡山県 浅口市
52%
福岡県 朝倉市
52%
兵庫県 朝来市
52%
富山県 | 山形県 朝日町
52%
千葉県 我孫子市
52%
熊本県 天草市
52%
京都府 綾部市
52%
和歌山県 有田市
52%
茨城県 石岡市
52%
神奈川県 横浜市磯子区
52%
福岡県 糸島市
52%
沖縄県 糸満市
52%
高知県 いの町
52%
岡山県 井原市
52%
岩手県 岩手町
52%
宮城県 岩沼市
52%
新潟県 魚沼市
52%
佐賀県 嬉野市
52%
神奈川県 大井町
52%
愛知県 大府市
52%
青森県 大間町
52%
福岡県 大牟田市
52%
広島県 尾道市
52%
和歌山県 海南市
52%
奈良県 橿原市
52%
福岡県 春日市
52%
秋田県 鹿角市
52%
福井県 勝山市
52%
岩手県 釜石市
52%
神奈川県 鎌倉市
52%
兵庫県 香美町
52%
福島県 喜多方市
52%
岩手県 北上市
52%
東京都 国立市
52%
青森県 黒石市
52%
神奈川県 横浜市港南区
52%
新潟県 新潟市江南区
52%
長崎県 西海市
52%
奈良県 桜井市
52%
鹿児島県 志布志市
52%
静岡県 下田市
52%
特別区 東京都 墨田区
52%
大阪府 泉南市
52%
滋賀県 高島市
52%
岡山県 高梁市
52%
福岡県 筑紫野市
52%
特別区 東京都 千代田区
52%
山形県 鶴岡市
52%
群馬県 富岡市
52%
茨城県 取手市
52%
神奈川県 中井町
52%
愛媛県 新居浜市
52%
栃木県 日光市
52%
大阪府 阪南市
52%
熊本県 人吉市
52%
大阪府 枚方市
52%
青森県 弘前市
52%
東京都 町田市
52%
愛媛県 松山市
52%
岐阜県 瑞穂市
52%
群馬県 みどり市
52%
岐阜県 美濃加茂市
52%
新潟県 村上市
52%
山梨県 山梨市
52%
長野県 青木村
48%
新潟県 阿賀町
48%
大阪府 大阪市阿倍野区
48%
千葉県 千葉市稲毛区
48%
群馬県 上野村
48%
山形県 大江町
48%
山梨県 忍野村
48%
長野県 小谷村
48%
茨城県 小美玉市
48%
沖縄県 恩納村
48%
岐阜県 海津市
48%
奈良県 香芝市
48%
大阪府 柏原市
48%
沖縄県 金武町
48%
群馬県 草津町
48%
大分県 国東市
48%
神奈川県 川崎市幸区
48%
山形県 寒河江市
48%
福井県 鯖江市
48%
北海道 士別市
48%
静岡県 静岡市清水区
48%
福島県 白河市
48%
岡山県 瀬戸内市
48%
新潟県 胎内市
48%
宮城県 仙台市太白区
48%
大阪府 高石市
48%
広島県 竹原市
48%
岐阜県 多治見市
48%
東京都 立川市
48%
千葉県 館山市
48%
茨城県 筑西市
48%
青森県 つがる市
48%
福井県 敦賀市
48%
愛知県 東海市
48%
栃木県 栃木市
48%
愛知県 豊明市
48%
神奈川県 川崎市中原区
48%
静岡県 浜松市
48%
愛知県 半田市
48%
大阪府 大阪市福島区
48%
埼玉県 富士見市
48%
広島県 | 東京都 府中市
48%
島根県 益田市
48%
三重県 松阪市
48%
千葉県 松戸市
48%
熊本県 八代市
48%
熊本県 山鹿市
48%
埼玉県 上尾市
43%
福岡県 芦屋町
43%
奈良県 明日香村
43%
島根県 海士町
43%
宮崎県 綾町
43%
沖縄県 伊平屋村
43%
島根県 雲南市
43%
北海道 江別市
43%
福岡県 大木町
43%
熊本県 嘉島町
43%
福岡県 粕屋町
43%
大阪府 門真市
43%
岩手県 九戸村
43%
大阪府 大阪市此花区
43%
千葉県 栄町
43%
長野県 栄村
43%
長野県 佐久穂町
43%
埼玉県 白岡市
43%
北海道 札幌市白石区
43%
兵庫県 多可町
43%
愛知県 高浜市
43%
北海道 滝川市
43%
和歌山県 田辺市
43%
兵庫県 丹波市
43%
福岡県 筑後市
43%
神奈川県 横浜市都筑区
43%
新潟県 燕市
43%
徳島県 徳島市
43%
東京都 利島村
43%
鹿児島県 十島村
43%
青森県 十和田市
43%
山形県 長井市
43%
三重県 名張市
43%
山形県 南陽市
43%
埼玉県 新座市
43%
大阪府 大阪市西成区
43%
兵庫県 西脇市
43%
宮崎県 日南市
43%
愛知県 日進市
43%
石川県 野々市市
43%
栃木県 芳賀町
43%
神奈川県 箱根町
43%
神奈川県 秦野市
43%
埼玉県 羽生市
43%
埼玉県 飯能市
43%
青森県 平川市
43%
長崎県 平戸市
43%
長崎県 松浦市
43%
鹿児島県 三島村
43%
熊本県 水俣市
43%
特別区 東京都 目黒区
43%
福島県 本宮市
43%
千葉県 茂原市
43%
岩手県 盛岡市
43%
静岡県 焼津市
43%
千葉県 八街市
43%
秋田県 湯沢市
43%
千葉県 千葉市若葉区
43%
長野県 朝日村
38%
熊本県 五木村
38%
鹿児島県 宇検村
38%
秋田県 羽後町
38%
群馬県 邑楽町
38%
宮城県 角田市
38%
新潟県 刈羽村
38%
群馬県 神流町
38%
福島県 国見町
38%
茨城県 五霞町
38%
広島県 坂町
38%
栃木県 塩谷町
38%
千葉県 酒々井町
38%
新潟県 新発田市
38%
栃木県 下野市
38%
茨城県 下妻市
38%
愛知県 新城市
38%
静岡県 静岡市駿河区
38%
福岡県 田川市
38%
愛知県 知立市
38%
千葉県 富里市
38%
兵庫県 神戸市長田区
38%
愛知県 名古屋市中村区
38%
千葉県 習志野市
38%
福島県 楢葉町
38%
北海道 仁木町
38%
埼玉県 蓮田市
38%
埼玉県 日高市
38%
山梨県 笛吹市
38%
愛知県 碧南市
38%
愛知県 名古屋市瑞穂区
38%
岡山県 美作市
38%
京都府 宮津市
38%
福岡県 宗像市
38%
滋賀県 守山市
38%
島根県 安来市
38%
茨城県 八千代町
38%
福岡県 行橋市
38%
埼玉県 吉見町
38%
滋賀県 栗東市
38%
高知県 越知町
33%
茨城県 河内町
33%
熊本県 甲佐町
33%
秋田県 小坂町
33%
静岡県 島田市
33%
愛知県 名古屋市昭和区
33%
千葉県 白子町
33%
岩手県 紫波町
33%
大阪府 大阪市住之江区
33%
大阪府 大阪市住吉区
33%
沖縄県 多良間村
33%
鹿児島県 知名町
33%
島根県 知夫村
33%
東京都 調布市
33%
新潟県 津南町
33%
高知県 津野町
33%
宮崎県 都農町
33%
愛媛県 東温市
33%
沖縄県 渡名喜村
33%
北海道 泊村
33%
愛知県 豊根村
33%
福島県 浪江町
33%
高知県 南国市
33%
新潟県 新潟市西蒲区
33%
山梨県 韮崎市
33%
大分県 日出町
33%
滋賀県 | 鳥取県 日野町
33%
福島県 広野町
33%
静岡県 袋井市
33%
埼玉県 | 宮城県 | 熊本県 美里町
33%
福島県 三島町
33%
奈良県 御杖村
33%
埼玉県 三芳町
33%
北海道 室蘭市
33%
新潟県 弥彦村
33%
鹿児島県 大和村
33%
北海道 由仁町
33%
埼玉県 寄居町
33%
宮城県 利府町
33%
福岡県 北九州市若松区
33%
秋田県 井川町
29%
群馬県 甘楽町
29%
福岡県 鞍手町
29%
長野県 坂城町
29%
福島県 新地町
29%
長野県 須坂市
29%
広島県 世羅町
29%
高知県 田野町
29%
佐賀県 太良町
29%
北海道 札幌市豊平区
29%
徳島県 那賀町
29%
長野県 根羽村
29%
岩手県 野田村
29%
長野県 平谷村
29%
香川県 三木町
29%
東京都 三宅村
29%
福岡県 宮若市
29%
京都府 京都市山科区
29%
山口県 和木町
29%
岡山県 和気町
29%
福岡県 香春町
24%
長野県 小海町
24%
福島県 桑折町
24%
茨城県 境町
24%
長野県 信濃町
24%
青森県 田子町
24%
長野県 辰野町
24%
高知県 土佐町
24%
福岡県 北九州市戸畑区
24%
熊本県 錦町
24%
栃木県 野木町
24%
大阪府 能勢町
24%
石川県 能登町
24%
福島県 塙町
24%
神奈川県 葉山町
24%
神奈川県 川崎市宮前区
24%
長野県 御代田町
24%
宮城県 村田町
24%
愛知県 名古屋市守山区
24%
和歌山県 由良町
24%
北海道 留寿都村
24%
三重県 多気町
19%
北海道 鶴居村
19%
青森県 鶴田町
19%
福島県 平田村
19%
熊本県 益城町
19%
栃木県 益子町
19%
山形県 三川町
19%
埼玉県 皆野町
19%
長野県 箕輪町
19%
栃木県 壬生町
19%
福岡県 みやこ町
19%
愛知県 名古屋市名東区
19%
群馬県 明和町
19%
山形県 遊佐町
19%
福岡県 小竹町
14%
福岡県 福智町
14%
高知県 三原村
14%
福島県 三春町
14%
熊本県 山江村
14%
北海道 紗那村
10%
熊本県 御船町
10%
No matching quizzes found
Score Distribution
Percent of People with Each Score
Percentile by Number Answered
Your Score History
You have not taken this quiz